Freedom in the World - Statistics

General Stats
  • This quiz has been taken 160 times
    93 since last reset
  • The average score is 45 of 66
Answer Stats
Continent Score Country % Correct
Europe 19 Russia
93%
Asia 3 North Korea
89%
S America 14 Venezuela
89%
N America 98 Canada
88%
S America 84 Argentina
87%
S America 73 Brazil
87%
Asia 96 Japan
87%
S America 64 Colombia
85%
S America 94 Chile
84%
Asia 83 South Korea
84%
S America 66 Bolivia
83%
N America 12 Cuba
83%
Europe 100 Norway
83%
S America 79 Suriname
83%
Oceania 95 Australia
81%
S America 73 Guyana
81%
Europe 8 Belarus
80%
Europe 100 Finland
80%
Europe 100 Sweden
80%
S America 97 Uruguay
80%
Europe 97 Denmark
79%
S America 71 Ecuador
79%
N America 33 Haiti
79%
S America 65 Paraguay
79%
Africa 79 South Africa
79%
Oceania 99 New Zealand
77%
Asia 1 Syria
77%
Europe 61 Ukraine
75%
N America 23 Nicaragua
72%
Oceania 58 Fiji
69%
Africa 7 Somalia
69%
Asia 7 Saudi Arabia
68%
N America 91 Bahamas
67%
Oceania 62 Papua New Guinea
65%
N America 92 St Lucia
65%
Oceania 79 Tonga
65%
N America 95 Barbados
64%
N America 93 Dominica
64%
N America 47 Honduras
64%
Oceania 77 Nauru
64%
N America 91 St Vincent and Grenadines
64%
Asia 94 Taiwan
64%
Oceania 93 Marshall Islands
63%
Europe 97 Netherlands
63%
N America 51 Guatemala
61%
Europe 56 Kosovo
61%
Africa 79 Seychelles
61%
Europe 53 Bosnia and Herzegovina
60%
Oceania 93 Kiribati
60%
Africa 86 Mauritius
60%
Europe 97 Ireland
59%
Oceania 79 Solomon Islands
59%
Oceania 93 Tuvalu
59%
N America 91 Costa Rica
57%
Africa 1 South Sudan
57%
Africa 92 Cape Verde
56%
Africa 7 Central African Republic
56%
Africa 3 Eritrea
56%
Europe 97 Luxembourg
55%
Asia 2 Turkmenistan
55%
Africa 84 São Tomé and Príncipe
51%
Asia 84 Mongolia
48%
Asia 8 Tajikistan
37%
Asia 93 Cyprus
35%
Africa 80 Ghana
32%
Africa 5 Equatorial Guinea
23%
No matching quizzes found
Score Distribution
Percent of People with Each Score
Percentile by Number Answered
Your Score History
You have not taken this quiz since the last reset